01003nam a2200277 a 4500001001000000003000900010005001700019007000300036008004100039020001500080040003200095082002900127245012900156264003700285300002900322336002700351337003300378338002800411600005700439600006500496650002500561700004600586700003500632700003300667700002500700000044252DO-SdBNP20260508131514.0ta140611s2001 dr 000 0 spa d a9993455016 aDO-SdBPMbspac BPMSU drda04aRD864.42bS638r 200122200aRosa Smester :bmaestra de maestras /ccompilador Julio Jaime Julia ; editores José Rafael Vargas Tomás Castro Burdiez. aSanto Domingo :bCiguapa,c2001. a142 páginas ;c22 cm. atextobtxt2rdacontent asin mediaciónbn2rdamedia avolumenbnc2rdacarrier17aSmester, Rosad1874-1945xColecciones de escritosc 17aSméster, Rosa, d1874-1945 xCrítica e interpretación 7a Ensayos dominicanos12aJulia, Julio Jaimed1922-1993ecompilador1 aVargas, José Rafaeleeditor  aCastro, Tomás,d1959-eed.z aJaime Julia, Julio ,